Del escribano a la biblioteca: la civilización escrita europea en la Alta Edad Moderna, siglos XV - XVII
保存先:
| 第一著者: | |
|---|---|
| フォーマット: | 図書 |
| 言語: | スペイン語 |
| 出版事項: |
Madrid, España
Síntesis
1997
|
| シリーズ: | Historia Universal Moderna.
5 |
| 主題: | |
| タグ: |
タグ追加
タグなし, このレコードへの初めてのタグを付けませんか!
|
MARC
| LEADER | 00000nam a2200000 a 4500 | ||
|---|---|---|---|
| 001 | UCK5371 | ||
| 003 | CL-VaPUC | ||
| 005 | 20220315074425.0 | ||
| 008 | 050722e19970500SP |||||||||||||||||spa|d | ||
| 999 | |c 313944 |d 313942 | ||
| 020 | |a 8477381577 | ||
| 040 | |c Pontificia Universidad Católica de Valparaíso | ||
| 082 | 0 | 4 | |a 002 BOU 1997 |2 21 |
| 100 | 0 | |a Bouza Alvarez, Fernando |9 494125 | |
| 245 | 1 | 0 | |a Del escribano a la biblioteca: la civilización escrita europea en la Alta Edad Moderna, siglos XV - XVII |
| 260 | 0 | 3 | |a Madrid, España |b Síntesis |c 1997 |
| 300 | |a 159 páginas | ||
| 490 | 0 | |a Historia Universal Moderna. |v 5 | |
| 583 | |a last modification |c 20050722 00:00:00 |k Rodrigo Vera | ||
| 650 | 0 | |a Historia del libro |9 466246 | |
| 650 | 0 | |a Bibliotecas |9 334508 | |
| 650 | 7 | |a SIGLOS 15-17 |2 CL-VaPUC |9 378177 | |
| 651 | 0 | |a Europa |9 255156 | |
| 942 | |c BK |2 ddc | ||
| 945 | |d 20050722 00:00:00 |a cmena | ||
| 952 | |0 0 |1 0 |2 ddc |4 0 |6 002_000000000000000_BOU_1997 |7 0 |8 A |9 385762 |a BIBHIS |b BIBHIS |d 2019-11-22 |i 4139038 |l 1 |o 002 BOU 1997 |p 4139038 |r 2025-01-20 |s 2024-09-24 |t 1 |w 2019-11-22 |y BK |k HIS | ||